000 01234cam a22002414a 4500
001 727008
005 20250206165733.0
008 981124r19991992miu b 101 0 eng
020 _a0802844987
050 0 0 _aBM535
_b.D78 1989a
082 0 0 _a261.2/6/09015
_221
245 1 0 _aJews and Christians :
_bthe parting of the ways, A.D. 70 to 135 : the second Durham-Tübingen Research Symposium on Earliest Christianity and Judaism (Durham, September 1989) /
_cedited by James D.G. Dunn.
260 _aGrand Rapids, Mich. :
_bW.B. Eerdmans,
_c1999.
300 _ax, 404 p. ;
_c23 cm.
500 _aOriginally published: Tübingen : J.C.B. Mohr (Paul Siebeck), c1992, in series: Wissenschaftliche Untersuchungen zum Neuen Testament. With new English translations.
650 0 _aJudaism
_xRelations
_xChristianity
_vCongresses.
650 0 _aChristianity and other religions
_xJudaism
_vCongresses.
650 0 _aChurch history
_yPrimitive and early church, ca. 30-600
_vCongresses.
650 0 _aJudaism
_xHistory
_yPost-exilic period, 586 B.C.-210 A.D.
_vCongresses.
700 1 _aDunn, James D. G.,
_d1939-
856 4 2 _3Contributor biographical information
_uhttp://www.loc.gov/catdir/enhancements/fy1606/98032398-b.html
942 _2lcc
_cBK
_n0
999 _c3498
_d3498